Dutch F1 drivers - Statistics

General Stats
  • This quiz has been taken 73 times
    33 since last reset
  • The average score is 5 of 16
Answer Stats
Grand Prix Entered Answer % Correct
107 Jos Verstappen
100%
154* Max Verstappen
100%
11 Nyck de Vries
54%
46 Christijan Albers
39%
19 Giedo van der Garde
39%
11 Robert Doornbos
39%
26 Carel Godin de Beaufort
36%
23 Jan Lammers
32%
8 Gijs van Lennep
18%
25 Huub Rothengatter
18%
1 Ben Pon
11%
3 Boy Hayje
11%
1 Dries van der Lof
7%
1 Jan Flinterman
7%
1 Michael Bleekemolen
7%
3 Roelof Wunderink
7%
No matching quizzes found
Score Distribution
Percent of People with Each Score
Percentile by Number Answered
Your Score History
You have not taken this quiz since the last reset